[Event "British Universities-ch"]
[Site "High Wycombe"]
[Date "2012.02.25"]
[Round "3"]
[White "Daggitt, Matthew"]
[Black "Sen, Subin"]
[Result "1-0"]
[WhiteElo "1804"]
[BlackElo "2134"]
[PlyCount "96"]
[EventDate "2012.02.25"]
[EventType "team-swiss"]
[EventRounds "5"]
[EventCountry "ENG"]
[SourceTitle "CBM 147 Extra"]
[Source "ChessBase"]
[SourceDate "2012.04.24"]
[SourceVersion "1"]
[SourceVersionDate "2012.04.24"]
[SourceQuality "1"]
[WhiteTeam "Cambridge"]
[BlackTeam "Warwicks Select"]
[WhiteTeamCountry "ENG"]
[BlackTeamCountry "ENG"]

1. e4 c5 2. Nf3 d6 3. c3 Nf6 4. Be2 g6 5. 0-0 Bg7 6. Qc2 0-0 7. d4 Qc7 8. d5 Nbd7 9. c4 e5 10. Nc3 a6 11. h3 Ne8 12. Bd3 Nb6 13. g4 h5 14. Nh2 Qd8 15. f3 Qh4 16. Qg2 f6 17. a4 Bd7 18. Bd2 hxg4 19. fxg4 Qh7 20. Rf2 Nc8 21. Raf1 Ne7 22. b3 a5 23. Rf3 g5 24. Qf2 Ng6 25. Ne2 b6 26. Be1 Ra7 27. Qg2 Bc8 28. Bg3 Raf7 29. Kf2 Nc7 30. Ke1 Na6 31. Rh1 Bh6 32. Nf1 Nh4 33. Bxh4 gxh4 34. Ne3 Bg5 35. Rhf1 Nc7 36. Nc3 Ne8 37. Nf5 Rd7 38. Ne2 Rff7 39. Ng1 Qg6 40. Bc2 Rh7 41. Rd3 Rh8 42. Nf3 Rdh7 43. Qf2 Bd7 44. Kd1 Bc8 45. Ke2 Bd7 46. Rdd1 Bxf5 47. gxf5 Qh5 48. Rg1 Rg7 1-0

[Event "BCF-chT2 1011 (4NCL)"]
[Site "England"]
[Date "2011.03.26"]
[Round "7.32"]
[White "Sen, Subin"]
[Black "O'Driscoll, Kieran"]
[Result "1/2-1/2"]
[WhiteElo "2150"]
[BlackElo "2101"]
[PlyCount "47"]
[EventDate "2010.11.06"]
[EventType "team-swiss"]
[EventRounds "11"]
[EventCountry "ENG"]
[SourceTitle "EXT 2012"]
[Source "ChessBase"]
[SourceDate "2011.11.24"]
[SourceVersion "1"]
[SourceVersionDate "2011.11.24"]
[SourceQuality "1"]
[WhiteTeam "Barbican Youth"]
[BlackTeam "White Rose II"]
[WhiteTeamCountry "ENG"]
[BlackTeamCountry "ENG"]

1. Nf3 Nf6 2. c4 e6 3. g3 b6 4. Bg2 Bb7 5. 0-0 c5 6. Nc3 Be7 7. Re1 d6 8. e4 a6 9. d4 cxd4 10. Nxd4 Qc7 11. Be3 Nbd7 12. Rc1 0-0 13. Qe2 Rac8 14. b3 Nc5 15. f3 Rfe8 16. Bf2 g6 17. Nc2 Bc6 18. Nb4 Bb7 19. Nd3 Bc6 20. Nxc5 bxc5 21. f4 Qb7 22. g4 Rcd8 23. Bg3 Rd7 24. h3 1/2-1/2

[Event "4NCL-chT rapid"]
[Site "Newport Pagnell"]
[Date "2010.10.09"]
[Round "4"]
[White "Poobalasingam, Peter"]
[Black "Sen, Subin"]
[Result "1-0"]
[WhiteElo "2332"]
[BlackElo "2150"]
[PlyCount "79"]
[EventDate "2010.10.09"]
[EventType "team (rapid)"]
[EventRounds "9"]
[EventCountry "ENG"]
[SourceTitle "CBM 138 Extra"]
[Source "ChessBase"]
[SourceDate "2010.10.29"]
[SourceVersion "1"]
[SourceVersionDate "2010.10.29"]
[SourceQuality "1"]

1. d4 Nf6 2. c4 g6 3. g3 c6 4. Bg2 d5 5. Nd2 Bg7 6. Ngf3 0-0 7. 0-0 a5 8. b3 a4 9. b4 b5 10. cxb5 cxb5 11. Ne5 Qb6 12. Bb2 Bb7 13. Rc1 Nbd7 14. Bh3 e6 15. Nd3 Rfc8 16. Nc5 Nxc5 17. dxc5 Qd8 18. Nf3 Bc6 19. a3 Ra7 20. Be5 Ne8 21. Bxg7 Nxg7 22. Qd4 Qe7 23. Ne5 f6 24. Nxc6 Rxc6 25. e4 dxe4 26. Qxe4 Rcc7 27. Rfd1 Rd7 28. Rxd7 Qxd7 29. Qe2 Rc7 30. Rd1 Qe8 31. Rd6 Rc6 32. Qd3 Rxd6 33. Qxd6 Nf5 34. Bxf5 exf5 35. Qd5+ Kg7 36. c6 Qe1+ 37. Kg2 Qc3 38. Qc5 Qd3 39. Qe7+ Kh6 40. Qe3+ 1-0

[Event "4NCL-chT rapid"]
[Site "Newport Pagnell"]
[Date "2010.10.09"]
[Round "5"]
[White "Rendle, Thomas E"]
[Black "Sen, Subin"]
[Result "1-0"]
[WhiteElo "2400"]
[BlackElo "2150"]
[PlyCount "159"]
[EventDate "2010.10.09"]
[EventType "team (rapid)"]
[EventRounds "9"]
[EventCountry "ENG"]
[SourceTitle "CBM 138 Extra"]
[Source "ChessBase"]
[SourceDate "2010.10.29"]
[SourceVersion "1"]
[SourceVersionDate "2010.10.29"]
[SourceQuality "1"]

1. e4 c5 2. Nf3 d6 3. c3 Nf6 4. Be2 g6 5. 0-0 Bg7 6. Bb5+ Bd7 7. Bxd7+ Nbxd7 8. Re1 0-0 9. d4 e6 10. Bf4 Qb6 11. Qb3 Ne8 12. Nbd2 e5 13. dxe5 dxe5 14. Bg5 Qxb3 15. axb3 Nc7 16. Nc4 Ne6 17. Red1 Nb6 18. Be3 Nxc4 19. bxc4 Rfd8 20. Rd5 b6 21. Kf1 f6 22. Rxd8+ Nxd8 23. b4 Bf8 24. b5 Nb7 25. Nd2 Kf7 26. Ke2 Nd6 27. f3 h5 28. Ra4 Nc8 29. Nf1 Rb8 30. Bd2 Rb7 31. Ne3 Rd7 32. Nd5 Ne7 33. Ra6 Nxd5 34. cxd5 Bd6 35. Kd3 f5 36. Ra1 f4 37. g3 g5 38. Rg1 Kf6 39. c4 Rg7 40. Bc3 Kf7 41. Rh1 h4 42. Be1 h3 43. Rg1 Kf8 44. Bc3 Kg8 45. Ke2 Kf8 46. Kf2 Kg8 47. Ra1 Kf8 48. Ra6 Kg8 49. Ba5 Rb7 50. Bd2 Rg7 51. Ra1 Kf8 52. Rg1 Kg8 53. gxf4 gxf4 54. Rg4 Rxg4 55. fxg4 Be7 56. Kf3 Kf7 57. Bc3 Bd6 58. g5 Kg6 59. Kg4 Bc7 60. Be1 Bd6 61. Bh4 Bf8 62. Kxh3 Kh5 63. g6 Kxg6 64. Bd8 Bd6 65. Kg4 Kh6 66. h4 Kg6 67. h5+ Kh6 68. Bg5+ Kg7 69. Kf5 Kf7 70. h6 f3 71. Be3 Bc7 72. Bf2 Bd6 73. h7 Kg7 74. Ke6 Bb8 75. d6 Kxh7 76. Kxe5 Kg6 77. Ke6 Kg5 78. e5 Kf4 79. Kd5 Kf5 80. Kc6 1-0

[Event "Uxbridge e2e4 Autumn Masters-A"]
[Site "Uxbridge"]
[Date "2010.08.15"]
[Round "8"]
[White "Sen, Subin"]
[Black "Norinkeviciute, Rasa"]
[Result "1/2-1/2"]
[WhiteElo "2159"]
[BlackElo "2024"]
[PlyCount "34"]
[EventDate "2010.08.11"]
[EventType "tourn"]
[EventRounds "9"]
[EventCountry "ENG"]
[EventCategory "1"]
[SourceTitle "CBM 137 Extra"]
[Source "ChessBase"]
[SourceDate "2010.09.01"]
[SourceVersion "1"]
[SourceVersionDate "2010.09.01"]
[SourceQuality "1"]

1. d4 Nf6 2. c4 e6 3. Nf3 b6 4. g3 Ba6 5. b3 Bb4+ 6. Bd2 Be7 7. Bg2 Bb7 8. Nc3 Ne4 9. Nxe4 Bxe4 10. 0-0 0-0 11. Bc3 d5 12. Ne5 Bxg2 13. Kxg2 f6 14. Nd3 c6 15. cxd5 cxd5 16. Nf4 Qd7 17. h4 Bd6 1/2-1/2

[Event "Uxbridge e2e4 Autumn Masters-A"]
[Site "Uxbridge"]
[Date "2010.08.13"]
[Round "4"]
[White "Sen, Subin"]
[Black "Player, Edmund C"]
[Result "1/2-1/2"]
[WhiteElo "2159"]
[BlackElo "2176"]
[PlyCount "37"]
[EventDate "2010.08.11"]
[EventType "tourn"]
[EventRounds "9"]
[EventCountry "ENG"]
[EventCategory "1"]
[SourceTitle "CBM 137 Extra"]
[Source "ChessBase"]
[SourceDate "2010.09.01"]
[SourceVersion "1"]
[SourceVersionDate "2010.09.01"]
[SourceQuality "1"]

1. Nf3 d5 2. d4 Nf6 3. c4 dxc4 4. e3 e6 5. Bxc4 c5 6. 0-0 a6 7. Bb3 Nc6 8. Qe2 Qc7 9. Rd1 Bd6 10. Nc3 0-0 11. h3 b5 12. dxc5 Bxc5 13. e4 Nd7 14. Be3 Bxe3 15. Qxe3 Na5 16. Ne2 Qb6 17. Qxb6 Nxb6 18. Ne5 Bb7 19. Rd6 1/2-1/2

[Event "Uxbridge e2e4 Autumn Masters-A"]
[Site "Uxbridge"]
[Date "2010.08.12"]
[Round "3"]
[White "Jeanne, Mickael"]
[Black "Sen, Subin"]
[Result "1-0"]
[WhiteElo "2174"]
[BlackElo "2159"]
[PlyCount "109"]
[EventDate "2010.08.11"]
[EventType "tourn"]
[EventRounds "9"]
[EventCountry "ENG"]
[EventCategory "1"]
[SourceTitle "CBM 137 Extra"]
[Source "ChessBase"]
[SourceDate "2010.09.01"]
[SourceVersion "1"]
[SourceVersionDate "2010.09.01"]
[SourceQuality "1"]

1. Nf3 Nf6 2. c4 g6 3. Nc3 d5 4. Qa4+ Bd7 5. Qb3 dxc4 6. Qxc4 Nc6 7. d4 Bg7 8. e4 0-0 9. e5 Ne8 10. Be3 e6 11. Be2 Ne7 12. h4 c6 13. h5 Nd5 14. Bg5 f6 15. exf6 Bxf6 16. Bh6 Bg7 17. hxg6 hxg6 18. Ne5 Nf4 19. Bxf4 Rxf4 20. g3 Rf5 21. Bg4 Nd6 22. Qe2 Rf6 23. 0-0-0 Qe7 24. f4 Rd8 25. Qh2 Be8 26. Rd2 Bf7 27. Re1 a5 28. Qh3 Re8 29. Bd1 Kf8 30. Bc2 Rc8 31. Qh7 Qe8 32. Ng4 Nf5 33. Nxf6 Bxf6 34. Bxf5 gxf5 35. g4 Qd7 36. g5 Bg7 37. Red1 b5 38. Kb1 Qd6 39. Qh2 a4 40. Ne2 Qd5 41. Qh1 Qd6 42. Qf3 b4 43. Nc1 a3 44. Nb3 axb2 45. Rxb2 Ke7 46. Rc2 Be8 47. Qe3 Qd5 48. Rc5 Qg2 49. Re1 Qe4+ 50. Qxe4 fxe4 51. Rc4 Rb8 52. Kb2 Bg6 53. Rxc6 Rd8 54. Rc7+ Kf8 55. Rc4 1-0

[Event "Uxbridge e2e4 Autumn Masters-A"]
[Site "Uxbridge"]
[Date "2010.08.11"]
[Round "1"]
[White "Nilsson, Anders1111"]
[Black "Sen, Subin"]
[Result "1-0"]
[WhiteElo "2160"]
[BlackElo "2159"]
[PlyCount "259"]
[EventDate "2010.08.11"]
[EventType "tourn"]
[EventRounds "9"]
[EventCountry "ENG"]
[EventCategory "1"]
[SourceTitle "CBM 137 Extra"]
[Source "ChessBase"]
[SourceDate "2010.09.01"]
[SourceVersion "1"]
[SourceVersionDate "2010.09.01"]
[SourceQuality "1"]

1. d4 Nf6 2. c4 g6 3. Nc3 d5 4. Nf3 Bg7 5. Bg5 Ne4 6. cxd5 Nxg5 7. Nxg5 e6 8. Qd2 h6 9. Nh3 exd5 10. Qe3+ Kf8 11. Nf4 c6 12. Qf3 Qf6 13. 0-0-0 g5 14. Nh5 Qxf3 15. gxf3 f5 16. e3 Kf7 17. Nxg7 Kxg7 18. h4 Be6 19. Bd3 Nd7 20. Rdg1 Kf6 21. Ne2 Rag8 22. Ng3 a6 23. Kd2 Nf8 24. Rh2 Bc8 25. Rgh1 Be6 26. Rg2 Bc8 27. Ke2 Be6 28. a3 Bc8 29. Bc2 Be6 30. Bb1 Bc8 31. Rhg1 Nh7 32. Bd3 Be6 33. Kd2 gxh4 34. Nh5+ Kf7 35. Nf4 Rxg2 36. Rxg2 Ng5 37. Ke2 Kf6 38. Rh2 h3 39. Nh5+ Kg6 40. Ng3 h5 41. f4 Ne4 42. Rxh3 h4 43. Nf1 Kf6 44. Nh2 Bf7 45. f3 Nd6 46. Nf1 b5 47. Kd2 Be6 48. Kc3 a5 49. b3 Rh7 50. Rh2 Rh8 51. Nd2 Rh6 52. Bf1 Rh8 53. Rg2 Rc8 54. Rh2 Rh8 55. Kb2 Rh6 56. Nb1 Rh8 57. Nc3 Bf7 58. Nd1 Kg7 59. Nf2 Re8 60. Nd1 Rh8 61. Kc2 Be6 62. Nf2 Ne8 63. Kd2 Nf6 64. Be2 Nd7 65. Nd3 Kf6 66. Rh1 Ke7 67. Bf1 Kd6 68. Bh3 Rg8 69. Bf1 Rh8 70. Ne1 Nf6 71. Rh3 Nd7 72. Ng2 Ke7 73. Rxh4 Rxh4 74. Nxh4 Kf6 75. Bd3 Nb6 76. Ng2 Bf7 77. Kc3 Bg6 78. Ne1 Nc8 79. Be2 Nd6 80. Nd3 Bf7 81. Nc5 Ke7 82. Bd3 Bg6 83. Na6 Be8 84. Kd2 Kf6 85. a4 b4 86. Nc5 Bg6 87. Nd7+ Ke7 88. Ne5 Be8 89. Ke2 Kf6 90. Ba6 Ke7 91. Kf2 Kf6 92. Kg3 Ke6 93. Kh4 Kf6 94. Be2 Nf7 95. Bd3 Nd6 96. Ba6 Nf7 97. Bb7 Nd8 98. Bc8 Nf7 99. Bd7 Bxd7 100. Nxd7+ Ke6 101. Nc5+ Kf6 102. Nb7 Kg6 103. Nxa5 Nd8 104. Kg3 Kh5 105. Kh3 Kg6 106. Kg3 Kh6 107. Kf2 Kg6 108. e4 Kf6 109. Ke3 Ke6 110. Kd3 Kd6 111. Nc4+ dxc4+ 112. Kxc4 Ne6 113. a5 fxe4 114. fxe4 Nxf4 115. Kxb4 Ne6 116. Kc4 c5 117. e5+ Kc7 118. dxc5 Kc6 119. b4 Nc7 120. a6 Nb5 121. e6 Nc7 122. e7 Ne8 123. b5+ Kc7 124. b6+ Kb8 125. a7+ Ka8 126. Kb5 Kb7 127. c6+ Ka8 128. Ka5 Nc7 129. bxc7 Kxa7 130. Kb5 1-0

[Event "BCF-chT2a 0910 (4NCL)"]
[Site "England"]
[Date "2010.03.27"]
[Round "7.4"]
[White "Sen, Subin"]
[Black "Hall, Daniel"]
[Result "1/2-1/2"]
[WhiteElo "2117"]
[BlackElo "2138"]
[PlyCount "88"]
[EventDate "2009.10.24"]
[EventType "team-tourn"]
[EventRounds "7"]
[EventCountry "ENG"]
[SourceTitle "EXT 2010"]
[Source "ChessBase"]
[SourceDate "2010.11.25"]
[SourceVersion "1"]
[SourceVersionDate "2010.11.25"]
[SourceQuality "1"]
[WhiteTeam "Barbican Youth"]
[BlackTeam "Brown Jack"]
[WhiteTeamCountry "ENG"]
[BlackTeamCountry "ENG"]

1. Nf3 e6 2. c4 Nf6 3. g3 b6 4. Bg2 Bb7 5. 0-0 Be7 6. Nc3 0-0 7. d4 Ne4 8. Nxe4 Bxe4 9. d5 f5 10. Nd2 Bxg2 11. Kxg2 Bf6 12. e4 exd5 13. exd5 d6 14. Nf3 Nd7 15. Qc2 Nc5 16. Be3 Qe8 17. Bxc5 bxc5 18. Rae1 Qh5 19. Re6 Rab8 20. b3 a5 21. Qd3 Ra8 22. a4 Rab8 23. Nd2 f4 24. f3 Be5 25. Re1 Rf7 26. Ne4 Rbf8 27. g4 Qh4 28. Re2 h5 29. Rg6 hxg4 30. Rxg4 Qxg4+ 31. fxg4 f3+ 32. Kf1 fxe2+ 33. Kxe2 Bf4 34. Ng3 Re8+ 35. Kd1 Re3 36. Qg6 Bxg3 37. hxg3 Rxb3 38. Qe6 Rbf3 39. g5 Rf1+ 40. Ke2 R1f2+ 41. Ke1 R2f5 42. g6 Re5+ 43. Qxe5 dxe5 44. gxf7+ Kxf7 1/2-1/2

[Event "BCF-chT2a 0910 (4NCL)"]
[Site "England"]
[Date "2010.02.20"]
[Round "5.4"]
[White "Sen, Subin"]
[Black "O'Driscoll, Kieran"]
[Result "1/2-1/2"]
[WhiteElo "2117"]
[BlackElo "2062"]
[PlyCount "56"]
[EventDate "2009.10.24"]
[EventType "team-tourn"]
[EventRounds "7"]
[EventCountry "ENG"]
[SourceTitle "EXT 2010"]
[Source "ChessBase"]
[SourceDate "2010.11.25"]
[SourceVersion "1"]
[SourceVersionDate "2010.11.25"]
[SourceQuality "1"]
[WhiteTeam "Barbican Youth"]
[BlackTeam "White Rose II"]
[WhiteTeamCountry "ENG"]
[BlackTeamCountry "ENG"]

1. Nf3 Nf6 2. c4 e6 3. g3 b6 4. Bg2 Bb7 5. 0-0 c5 6. Nc3 Be7 7. Re1 d6 8. e4 a6 9. d4 cxd4 10. Nxd4 Qc7 11. Be3 Nbd7 12. Rc1 Rc8 13. f4 0-0 14. h3 Qb8 15. Qe2 Qa8 16. Bf2 Rc7 17. f5 e5 18. Nf3 Rfc8 19. Nd2 Bc6 20. g4 Nc5 21. g5 Nfd7 22. h4 Na4 23. b3 Nxc3 24. Rxc3 b5 25. Rec1 Qb7 26. Qg4 Bf8 27. h5 Nb6 28. h6 g6 1/2-1/2

[Event "Uxbridge op"]
[Site "Uxbridge"]
[Date "2009.09.20"]
[Round "5"]
[White "Gibbs, Dominic V"]
[Black "Sen, Subin"]
[Result "0-1"]
[WhiteElo "1977"]
[BlackElo "2098"]
[PlyCount "60"]
[EventDate "2009.09.18"]
[EventType "swiss"]
[EventRounds "5"]
[EventCountry "ENG"]
[SourceTitle "CBM 132 Extra"]
[Source "ChessBase"]
[SourceDate "2009.11.03"]
[SourceVersion "1"]
[SourceVersionDate "2009.11.03"]
[SourceQuality "1"]

1. e4 c5 2. c3 d5 3. exd5 Qxd5 4. d4 Nf6 5. Nf3 e6 6. Be2 Nc6 7. 0-0 cxd4 8. cxd4 Be7 9. Nc3 Qd6 10. Nb5 Qd8 11. Bf4 Nd5 12. Bg3 a6 13. Nc3 Nf6 14. a3 b5 15. b4 Bb7 16. Re1 0-0 17. Qd3 Rc8 18. Rad1 Qb6 19. d5 exd5 20. Nxd5 Nxd5 21. Qxd5 Nxb4 22. Qd7 Nc6 23. Bd3 Rcd8 24. Qh3 g6 25. Qh6 Bf6 26. Ng5 Bxg5 27. Qxg5 f6 28. Qh6 Ne5 29. h3 Qc6 30. f3 Nxf3+ 0-1

[Event "GBR-ch 96th"]
[Site "Torquay"]
[Date "2009.08.04"]
[Round "8"]
[White "Adair, James R"]
[Black "Sen, Subin"]
[Result "0-1"]
[WhiteElo "2124"]
[BlackElo "2093"]
[PlyCount "118"]
[EventDate "2009.07.27"]
[EventType "swiss"]
[EventRounds "11"]
[EventCountry "ENG"]
[SourceTitle "CBM 131 Extra"]
[Source "ChessBase"]
[SourceDate "2009.09.03"]
[SourceVersion "2"]
[SourceVersionDate "2009.09.16"]
[SourceQuality "1"]

1. e4 c5 2. Nf3 d6 3. d4 cxd4 4. Nxd4 Nf6 5. Nc3 a6 6. h3 e5 7. Nde2 b5 8. g4 Bb7 9. Bg2 Be7 10. g5 Nfd7 11. Ng3 g6 12. Nd5 Bxd5 13. Qxd5 Nb6 14. Qd3 Bxg5 15. Bxg5 Qxg5 16. h4 Qf6 17. 0-0-0 N8d7 18. Qxd6 Qxd6 19. Rxd6 Nc4 20. Rd3 Ke7 21. Rhd1 Rhd8 22. b3 Ncb6 23. Rd6 Rab8 24. Bh3 Nf8 25. Rc6 Rxd1+ 26. Kxd1 Ne6 27. Bxe6 fxe6 28. Rc7+ Nd7 29. Ra7 Rb6 30. Ne2 Rd6+ 31. Ke1 Kf6 32. Nc1 h5 33. Nd3 g5 34. hxg5+ Kxg5 35. Ke2 h4 36. Kf3 Rd4 37. Kg2 Nf6 38. Rxa6 Rxe4 39. Rxe6 Kf5 40. Rb6 Re2 41. Rxb5 Ng4 42. Rc5 h3+ 43. Kxh3 Nxf2+ 44. Nxf2 Rxf2 45. Kg3 Rf1 46. a4 Ke4 47. a5 Ra1 48. Rc4+ Ke3 49. Ra4 Rg1+ 50. Kh2 Rg8 51. a6 Kf2 52. Kh3 Kf3 53. a7 Ra8 54. Kh4 e4 55. Kg5 e3 56. Kf5 e2 57. Rf4+ Ke3 58. Re4+ Kd2 59. b4 Rxa7 0-1

[Event "GBR-ch 96th"]
[Site "Torquay"]
[Date "2009.07.30"]
[Round "4"]
[White "Lane, Gary William"]
[Black "Sen, Subin"]
[Result "1/2-1/2"]
[WhiteElo "2379"]
[BlackElo "2093"]
[PlyCount "95"]
[EventDate "2009.07.27"]
[EventType "swiss"]
[EventRounds "11"]
[EventCountry "ENG"]
[SourceTitle "CBM 131 Extra"]
[Source "ChessBase"]
[SourceDate "2009.09.03"]
[SourceVersion "2"]
[SourceVersionDate "2009.09.16"]
[SourceQuality "1"]

1. e4 c5 2. Nf3 d6 3. d4 cxd4 4. Nxd4 Nf6 5. Nc3 a6 6. g3 e5 7. Nb3 Be7 8. Bg2 b5 9. a4 b4 10. Nd5 Nxd5 11. Qxd5 Ra7 12. Be3 Be6 13. Qd1 Rd7 14. a5 Qc8 15. 0-0 0-0 16. f4 Rc7 17. Rf2 Nd7 18. f5 Bc4 19. g4 Qb7 20. g5 Rfc8 21. Nd2 b3 22. c3 d5 23. Nxc4 dxc4 24. f6 Bc5 25. Bxc5 Nxc5 26. Qh5 Qa7 27. Raf1 Nd3 28. Bh3 Qe3 29. Bf5 h6 30. gxh6 gxh6 31. Bxc8 Nxf2 32. Rxf2 Qe1+ 33. Kg2 Qxe4+ 34. Kh3 Rxc8 35. Rg2+ Kf8 36. Qxh6+ Ke8 37. Rd2 Qf3+ 38. Kh4 Qf4+ 39. Qxf4 exf4 40. Kg4 Rc6 41. Kf5 Rc5+ 42. Kxf4 Rxa5 43. h4 Ra1 44. h5 Rh1 45. Kg5 Rg1+ 46. Kf5 Rh1 47. Kg5 Rg1+ 48. Kf5 1/2-1/2

[Event "BCF-chT2d 0809 (4NCL) Demotion pool"]
[Site "Hinckley Island"]
[Date "2009.05.02"]
[Round "9.4"]
[White "Habershon, Paul F"]
[Black "Sen, Subin"]
[Result "0-1"]
[WhiteElo "2081"]
[BlackElo "2069"]
[PlyCount "36"]
[EventDate "2008.10.04"]
[EventType "team-tourn"]
[EventRounds "4"]
[EventCountry "ENG"]
[SourceTitle "EXT 2010"]
[Source "ChessBase"]
[SourceDate "2010.11.25"]
[SourceVersion "1"]
[SourceVersionDate "2010.11.25"]
[SourceQuality "1"]
[WhiteTeam "FCA Solutions"]
[BlackTeam "Barbican Youth"]
[WhiteTeamCountry "ENG"]
[BlackTeamCountry "ENG"]

1. e4 c5 2. Nc3 d6 3. Nf3 Nf6 4. d4 cxd4 5. Nxd4 a6 6. Be2 e5 7. Nb3 Be7 8. 0-0 0-0 9. Be3 Be6 10. Qe1 b5 11. f3 Nbd7 12. Qf2 b4 13. Na4 d5 14. exd5 Nxd5 15. Bd2 Qc7 16. c4 Nf4 17. Bxf4 exf4 18. Nd4 Nc5 0-1

[Event "GBR-ch 95th"]
[Site "Liverpool"]
[Date "2008.07.31"]
[Round "4"]
[White "Sen, Subin"]
[Black "Jackson, Oliver A"]
[Result "1/2-1/2"]
[WhiteElo "2050"]
[BlackElo "2221"]
[PlyCount "121"]
[EventDate "2008.07.28"]
[EventType "swiss"]
[EventRounds "11"]
[EventCountry "ENG"]
[SourceTitle "CBM 125 Extra"]
[Source "ChessBase"]
[SourceDate "2008.09.01"]
[SourceVersion "1"]
[SourceVersionDate "2008.09.01"]
[SourceQuality "1"]

1. Nf3 d6 2. d4 Bg4 3. c4 Nd7 4. Qb3 c5 5. d5 Rb8 6. g3 Ngf6 7. Bg2 b5 8. cxb5 a6 9. Nc3 axb5 10. 0-0 b4 11. Nd1 Nb6 12. Ne3 Bd7 13. Nd2 g6 14. Ndc4 Bg7 15. Re1 0-0 16. Nxb6 Qxb6 17. Nc4 Qa6 18. e4 Ba4 19. Qd3 Bb5 20. Bf1 Nd7 21. Qc2 b3 22. Qxb3 Ne5 23. Nxe5 Bxf1 24. Qc2 Bb5 25. Ng4 h5 26. Ne3 Bd3 27. Qd2 c4 28. Nd1 Qb7 29. Qg5 Rfe8 30. f3 e6 31. dxe6 Rxe6 32. Nf2 Bd4 33. Kg2 Bxb2 34. Bxb2 Qxb2 35. Qc1 Qd4 36. Qe3 Qxe3 37. Rxe3 Rb2 38. Kg1 d5 39. Nxd3 cxd3 40. Rxd3 dxe4 41. fxe4 Rxe4 42. h4 Ree2 43. a3 Rg2+ 44. Kh1 Rh2+ 45. Kg1 Rbg2+ 46. Kf1 Kg7 47. Re1 Rb2 48. Kg1 Rhg2+ 49. Kh1 Rgf2 50. Kg1 Kf6 51. Rf1 Rxf1+ 52. Kxf1 Ke5 53. Re3+ Kf5 54. Rf3+ Ke6 55. Re3+ Kf6 56. Rd3 Kg7 57. Rc3 Kf6 58. Rf3+ Ke6 59. Re3+ Kd6 60. Ke1 f6 61. Kf1 1/2-1/2

[Event "Brentwood op 2nd"]
[Site "Brentwood"]
[Date "2008.02.17"]
[Round "5"]
[White "Sen, Subin"]
[Black "Parsonage, Ian"]
[Result "1-0"]
[WhiteElo "2010"]
[BlackElo "2250"]
[PlyCount "129"]
[EventDate "2008.02.16"]
[EventType "swiss"]
[EventRounds "5"]
[EventCountry "ENG"]
[SourceTitle "CBM 122 Extra"]
[Source "ChessBase"]
[SourceDate "2008.03.04"]
[SourceVersion "1"]
[SourceVersionDate "2008.03.04"]
[SourceQuality "1"]

1. Nf3 Nf6 2. c4 c5 3. g3 b6 4. Bg2 Bb7 5. 0-0 e6 6. d4 cxd4 7. Qxd4 Nc6 8. Qd3 Be7 9. a3 0-0 10. Rd1 d5 11. cxd5 Qxd5 12. Qxd5 Nxd5 13. e4 Nf6 14. Nc3 Rfd8 15. Bg5 h6 16. Bf4 Rac8 17. e5 Ne8 18. h4 Na5 19. Rxd8 Rxd8 20. Rd1 Rxd1+ 21. Nxd1 Nc7 22. Bd2 Nc4 23. Bc1 Bxf3 24. Bxf3 Nxe5 25. Be2 Nd5 26. Ne3 Bc5 27. Nxd5 exd5 28. b3 d4 29. Kf1 d3 30. Bd1 Bd4 31. f4 Nc6 32. Bf3 Na5 33. Bd5 b5 34. Bd2 Bb6 35. Bb4 g6 36. Ke1 Kg7 37. Kd2 Kf6 38. Kxd3 Kf5 39. Be1 f6 40. Ke2 g5 41. Kf3 gxf4 42. gxf4 Bc7 43. Bd2 Kg6 44. Ke4 f5+ 45. Kf3 Kf6 46. Bb4 Kg6 47. Bd2 h5 48. Bc3 Kh6 49. Be5 Bb6 50. Ke2 Kg6 51. Bc3 Bc7 52. Ke3 Bb6+ 53. Bd4 Bc7 54. Bxa7 Bd6 55. Bb6 Nxb3 56. Bxb3 Bxa3 57. Bd8 Bc1+ 58. Kf3 Bd2 59. Bg8 Bc1 60. Ke2 Bb2 61. Kd3 Bg7 62. Bd5 Bf8 63. Be6 Bd6 64. Bd7 Bf8 65. Be8+ 1-0

[Event "BCF-chT4 0708 (4NCL)"]
[Site "England"]
[Date "2007.10.27"]
[Round "1.4"]
[White "Gibson, Christopher A"]
[Black "Sen, Subin"]
[Result "0-1"]
[WhiteElo "2032"]
[BlackElo "2026"]
[PlyCount "80"]
[EventDate "2007.09.15"]
[EventType "team-swiss"]
[EventRounds "11"]
[EventCountry "ENG"]
[SourceTitle "EXT 2009"]
[Source "ChessBase"]
[SourceDate "2008.11.26"]
[SourceVersion "1"]
[SourceVersionDate "2008.11.26"]
[SourceQuality "1"]
[WhiteTeam "Littlehorpe"]
[BlackTeam "Guildford IV"]
[WhiteTeamCountry "ENG"]
[BlackTeamCountry "ENG"]

1. d4 Nf6 2. c4 g6 3. Nc3 d5 4. cxd5 Nxd5 5. e4 Nxc3 6. bxc3 Bg7 7. Nf3 c5 8. Rb1 0-0 9. Be2 b6 10. 0-0 Bb7 11. Qd3 Ba6 12. Qd2 Qd7 13. Bxa6 Nxa6 14. d5 Qa4 15. Re1 Rfd8 16. Ng5 h6 17. Nf3 e6 18. d6 e5 19. Rb2 Rd7 20. Qd5 Re8 21. Rd2 c4 22. Rdd1 Nc5 23. Bxh6 Bxh6 24. Nxe5 Rxe5 25. Qxe5 Nd3 26. Qe8+ Bf8 27. Rf1 Qc6 28. Rd2 Rxd6 29. Qxc6 Rxc6 30. f4 Bc5+ 31. Kh1 Be3 32. Re2 Bxf4 33. g3 Be5 34. Rc2 Rd6 35. Kg2 Nc5 36. Rcf2 f6 37. Re2 Rd3 38. g4 Rxc3 39. g5 fxg5 40. Ref2 Bf4 0-1

[Event "EU-ch U14 17th"]
[Site "Sibenik"]
[Date "2007.09.21"]
[Round "8"]
[White "Sen, Subin"]
[Black "Urjubdshzirov, Erdni"]
[Result "1/2-1/2"]
[WhiteElo "2045"]
[BlackElo "2220"]
[PlyCount "63"]
[EventDate "2007.09.14"]
[EventType "swiss"]
[EventRounds "9"]
[EventCountry "CRO"]
[SourceTitle "CBM 120 Extra"]
[Source "ChessBase"]
[SourceDate "2007.11.01"]
[SourceVersion "1"]
[SourceVersionDate "2007.11.01"]
[SourceQuality "1"]

1. d4 Nf6 2. c4 e6 3. Nf3 b6 4. g3 Ba6 5. Qc2 Bb4+ 6. Bd2 Be7 7. Bg2 d5 8. cxd5 exd5 9. Nc3 0-0 10. 0-0 c5 11. Rfd1 Nbd7 12. Rac1 Bb7 13. Bf4 a6 14. dxc5 Bxc5 15. Nd4 b5 16. Nb3 Rc8 17. Nxc5 Nxc5 18. Qd2 Ne6 19. e3 Qb6 20. Be5 Ne4 21. Nxe4 dxe4 22. Rxc8 Rxc8 23. Qd6 Qxd6 24. Rxd6 Rc1+ 25. Bf1 h6 26. h4 Nc5 27. Bc3 Kh7 28. Kg2 Na4 29. Bd4 Nc5 30. Bc3 Rc2 31. Rd2 Rc1 32. Rd6 1/2-1/2

[Event "World ol U16 06th"]
[Site "Singapore"]
[Date "2007.08.10"]
[Round "8"]
[White "Michaelides, Michail"]
[Black "Sen, Subin"]
[Result "1/2-1/2"]
[WhiteElo "1730"]
[BlackElo "2045"]
[PlyCount "59"]
[EventDate "2007.08.05"]
[EventType "team-swiss"]
[EventRounds "10"]
[EventCountry "SIN"]
[SourceTitle "EXT 2008"]
[Source "ChessBase"]
[SourceDate "2007.11.25"]
[SourceVersion "1"]
[SourceVersionDate "2007.11.25"]
[SourceQuality "1"]

1. e4 c5 2. Nc3 d6 3. g3 Nc6 4. Bg2 g6 5. d3 Bg7 6. Be3 Rb8 7. Nge2 b5 8. Qd2 b4 9. Nd1 Nd4 10. 0-0 Qb6 11. h3 Bd7 12. c3 bxc3 13. bxc3 Nxe2+ 14. Qxe2 Ba4 15. Rc1 Nf6 16. f4 Nd7 17. Qd2 0-0 18. g4 Kh8 19. g5 f5 20. gxf6 Bxf6 21. f5 Ne5 22. c4 Bxd1 23. Rfxd1 Qb4 24. Qe2 Qa3 25. Rc2 Rb7 26. Bc1 Qa4 27. Bb2 Rfb8 28. Bc3 Qd7 29. d4 cxd4 30. Bxd4 1/2-1/2